[Event "GER-ch U25 op-B"]
[Site "Willingen"]
[Date "2015.05.24"]
[Round "1"]
[White "Burdot, Clara"]
[Black "Yi, Wendy"]
[Result "0-1"]
[WhiteElo "1046"]
[BlackElo "1401"]
[PlyCount "70"]
[EventDate "2015.05.24"]
[EventType "swiss"]
[EventRounds "9"]
[EventCountry "GER"]
[SourceTitle "CBM 166 Extra"]
[Source "ChessBase"]
[SourceDate "2015.06.18"]
[SourceVersion "1"]
[SourceVersionDate "2015.06.18"]
[SourceQuality "1"]

1. e4 e5 2. Nf3 Nc6 3. d4 exd4 4. Nxd4 Bc5 5. Be3 Bb6 6. Nxc6 bxc6 7. Bxb6 cxb6 8. Bc4 d6 9. Qf3 Qf6 10. Qxf6 Nxf6 11. Nc3 b5 12. Bb3 b4 13. Ba4 Bd7 14. Ne2 Nxe4 15. Nd4 c5 16. Nc6 Rc8 17. Nxa7 Ra8 18. Bc6 Bxc6 19. Nxc6 Ra6 20. f3 Nf6 21. Nxb4 cxb4 22. 0-0-0 0-0 23. Rhe1 Rd8 24. c4 bxc3 25. bxc3 Rxa2 26. c4 Ra1+ 27. Kb2 Rxd1 28. Rxd1 Kf8 29. c5 Ne8 30. cxd6 Nxd6 31. Kc3 Ne4+ 32. fxe4 Rxd1 33. Kc2 Rg1 34. g3 Rg2+ 35. Kc3 Rxh2 0-1